Normal view MARC view
  • debroy,Bibek

Entry Personal Name

Number of records used in: 2

001 - CONTROL NUMBER

  • control field: 4259

003 - CONTROL NUMBER IDENTIFIER

  • control field: OSt

005 - DATE AND TIME OF LATEST TRANSACTION

  • control field: 20180411124613.0

008 - FIXED-LENGTH DATA ELEMENTS

  • fixed length control field: 180411|| aca||aabn | a|a d

040 ## - CATALOGING SOURCE

  • Original cataloging agency: OSt
  • Transcribing agency: OSt

100 ## - HEADING--PERSONAL NAME

  • Personal name: debroy,Bibek

670 ## - SOURCE DATA FOUND

  • Source citation: Work cat.: (OSt)1420: debroy,Bibek, INDIA: Redeeming the Economic Pledge, 2004